000 00488cas a22001815a 4500
001 L139258
008 070724d18931923xxkar p 0 a0eng u
035 _a(Sirsi) u139258
041 0 _aeng
245 0 0 _aLand and House Property Year Book
260 _aLondon
_bFrank P. Wilson, Estates Gazette Office
_c1893-1923
362 0 _a1892-1922
554 _aOne per year
651 4 _aEngland
_y886-
690 _aAuctioneering
_96218
785 0 0 _tEstate Exchange Year Book
942 _n0
999 _c119079
_d119079